Statystyki dla Zgadnij samochód po ciekawostce

Kliknij tutaj aby rozwiązać quiz!

Ogólne statystyki

  • Ten quiz został rozwiązany 104 razy
  • Średni wynik to 6 z 12

Statystyki odpowiedzi

CiekawostkaOdpowiedź% Poprawnych
Ta marka zaczynała jako producent maszyn rolniczych, a teraz tworzy jedne z najlepszych samochodów na świecie.Lamborghini
93%
Samochodu tej marki nie może kupić np. Justin Bieber.Ferrari
92%
Nazwa tej marki stała się określeniem na samochody terenowe, nawet innych producentów.Jeep
92%
Samochody tej marki są jednym z najdroższych na na świecie. Jej nazwa zaczyna się na B.Bugatti
78%
Samochód tej marki jest bardzo popularny w Polsce, przez co stał się stereotypowyVolkswagen
61%
Ta firma pochodzi ze Szwecji i produkuje ultraszybkie samochody.Koenigsegg
58%
Samochody tej marki mają na koncie największą ilość zwycięstw w historii w oficjalnych wyścigach (ponad 24 000).Porsche
41%
Nazwa tej marki po Polsku znaczy "unikać"Dodge
32%
Jest to jeden z najstarszych koncernów samochodowych, ponieważ powstał już w 1899 roku.Renault
19%
Amerykańska firma produkująca ogromne samochody SUV i Pickupy. W 2010 została zlikwidowana.Hummer
11%
Mało znana marka, jego logo przedstawia kota z mieczem.Meyers Manx
4%
Był to jeden z największych rywalów Forda, jednak został zlikwidowany.Holden
1%

Rozkład punktacji

Percentyl według liczby udzielonych odpowiedzi

Procent ludzi z każdym wynikiem

Twoja historia wyników

Nie rozwiązałeś tego quizu